A Greek odyssey in the American West

Αποθηκεύτηκε σε:
Λεπτομέρειες βιβλιογραφικής εγγραφής
Κύριος συγγραφέας: Papanikolas, Helen, 1917-2004
Μορφή: Βιβλίο
Γλώσσα:English
Δημοσίευση: Lincoln : University of Nebraska Press, c1987.
Θέματα:
Ετικέτες: Προσθήκη ετικέτας
Δεν υπάρχουν, Καταχωρήστε ετικέτα πρώτοι!

MARC

LEADER 00000nam a2200000 a 4500
001 1/126961
008 230705s1987####us | ||| |||| ||eng||
020 |a 080328747X 
040 |a GR-MyUa  |b gre  |c GR-MyUa  |e AACR2 
041 0 |a eng 
082 7 |a 305.8893073  |2 (23) 
100 1 |a Papanikolas, Helen,   |d 1917-2004. 
245 1 2 |a A Greek odyssey in the American West /   |c Helen Papanikolas.  
260 |a Lincoln :   |b University of Nebraska Press,   |c c1987.  
300 |a 327 σ. ;   |c 23 εκ.  
500 |a Originally published in 1987 as Emily-George by the University of Utah Press, Salt Lake City, in the Utah Centennial Series.  
504 |a Περιλαμβάνει βιβλιογραφικές παραπομπές.  
650 0 |a Greeks  |z United States  |x History  |y 20th century. 
650 0 |a Greeks  |z Utah  |x History  |y 20th century. 
650 0 |a Immigrants  |z United States  |x History  |y 20th century. 
767 0 8 |i Μεταφρασμένο ως:   |t Μια ελληνική οδύσσεια στην αμερικανική δύση /  
852 |a INST  |b LESVOS  |e 20230705  |h 305.8893073 PAP  |p 005100064902  |q 005100064902  |t BK  |y 0 
970 |a Δημάκη  |b Μαρία  |z 05-07-2023